Normal view MARC view

Entry Personal Name

Number of records used in: 1

001 - CONTROL NUMBER

  • control field: 215460

003 - CONTROL NUMBER IDENTIFIER

  • control field: OSt

005 - DATE AND TIME OF LATEST TRANSACTION

  • control field: 20220924143324.0

008 - FIXED-LENGTH DATA ELEMENTS

  • fixed length control field: 220924|| aca||aabn | a|a d

040 ## - CATALOGING SOURCE

  • Original cataloging agency: OSt
  • Transcribing agency: OSt

100 ## - HEADING--PERSONAL NAME

  • Personal name: Muqeetul hasan

670 ## - SOURCE DATA FOUND

  • Source citation: Work cat.: (OSt)454099: Muqeetul hasan , Kolkata ke qadeem urdu mutaba aur unki matbuat, 1982
Copyright @ Delhi University Library System